Political oppositions in western democracies

保存先:
書誌詳細
第一著者: Dahl, Robert Alan (著者)
フォーマット: 図書
言語:英語
出版事項: Londres Yale University Press 1966
主題:
タグ: タグ追加
タグなし, このレコードへの初めてのタグを付けませんか!

MARC

LEADER 00000nam a2200000 a 4500
001 UCS3302
003 CL-VaPUC
008 970620e19660000UK |||||||||||||||||eng|d
082 0 4 |a 328.369  |b DAH  |2 21 
100 0 |a Dahl, Robert Alan  |e author  |9 389309 
245 1 0 |a Political oppositions in western democracies 
300 |a 458 p 
942 |c BK 
945 |d 19970620 00:00:00  |a lriquelm 
260 |a Londres  |b Yale University Press  |c 1966 
650 0 |a Democracia  |9 255256 
650 7 |a PLURALISMO POLITICO  |2 CL-VaPUC  |9 389310 
650 0 |a Partidos políticos  |9 254999 
650 7 |a LEGISLACION  |2 CL-VaPUC  |9 389311 
650 7 |a GRUPOS POLITICOS  |2 CL-VaPUC  |9 389312 
651 0 |a Europa  |9 255156 
583 |a last modification  |c 19970620 00:00:00  |k Rodrigo Vera 
999 |c 261043  |d 261041 
952 |0 0  |1 0  |4 0  |6 328_369000000000000_DAH_1966  |7 0  |8 A  |9 287814  |a BIBDER  |b BIBDER  |d 2019-11-19  |i 1857886  |o 328.369 DAH 1966  |p 1857886  |r 2023-01-25  |w 2019-11-19  |y BK  |k DER 
952 |0 0  |1 0  |4 0  |6 328_369000000000000_DAH_1966  |7 0  |8 A  |9 287815  |a BIBHIS  |b BIBHIS  |d 2019-11-19  |i 1209396  |o 328.369 DAH 1966  |p 1209396  |r 2025-01-20  |w 2019-11-19  |y BK  |k HIS